| 000 | 00607nam a2200181 a 4500 | ||
|---|---|---|---|
| 001 | 000016654 | ||
| 005 | 20200929164937.0 | ||
| 008 | 100308s2004 dr a 000 0 spa d | ||
| 040 |
_aDO-SdBNP _bspa _cBNPHU |
||
| 082 |
_axxx _bG943m |
||
| 100 | 1 |
_aDe Dios Román, Juan _937000 |
|
| 245 | 1 | 0 |
_aGuía metodológica : _biniciación al balonmano / _cJuan De Dios Román. |
| 260 |
_aSanto Domingo : _bSEDEFIR. |
||
| 300 |
_a174 p. : _bil. ; _c22 cm. |
||
| 500 | _aXI juegos deportivos nacionales juveniles | ||
| 710 | 2 |
_aSecretaría de Estado de Deportes, Educación Física y Recreación _936895 |
|
| 049 | _aBNPD | ||
| 999 |
_c16187 _d16187 |
||